Statystyki dla Państwa z roszczeniami terytorialnymi na Antarktydzie

Kliknij tutaj aby rozwiązać quiz!

Ogólne statystyki

  • Ten quiz został rozwiązany 17 370 razy
  • Średni wynik to 5 z 7

Statystyki odpowiedzi

Kraje% Poprawnych
Wielka Brytania
79%
Australia
78%
Argentyna
75%
Francja
71%
Chile
69%
Nowa Zelandia
64%
Norwegia
56%

Rozkład punktacji

Percentyl według liczby udzielonych odpowiedzi

Procent ludzi z każdym wynikiem

Twoja historia wyników

Nie rozwiązałeś tego quizu